Environmental periodicals bibliography ; indexed article titles.

Bibliographic Details
Previous Title:Environmental periodicals; indexed article titles
Corporate Author: International Academy at Santa Barbara
Format: Journal
Language:English
Published: [Santa Barbara, Calif.] : [International Academy at Santa Barbara, Environmental Studies Institute], -1996.
Subjects:
Online Availability: Check for online availability

MARC

Tag First Indicator Second Indicator Subfields
LEADER 00000cas a2200000 a 4500
001 in00000010424
005 20151007051351.0
008 770502d19731996caubn1p |||| 0uu1a0eng d
010 |a  76645805  
022 0 |a 0046-2306  |9 0145-3815 
035 |a (OCoLC)02933579 
035 |9 AAA2633AM 
040 |a NLM  |c NLM  |d NSD  |d DLC  |d OCL  |d RCS  |d NST  |d OCL  |d NSD  |d NST  |d TXA  |d UtOrBLW 
042 |a nsdp  |a lc 
049 |a TXAE  
050 0 0 |a Z5863.E57  |b E58  |a TD145 
050 4 |a Z7171  |b .E6 
090 |a TD145  |b .E68 
210 0 |a Environ. period. bibliogr. 
222 0 |a Environmental periodicals bibliography 
245 0 0 |a Environmental periodicals bibliography ;  |b indexed article titles. 
264 1 |a [Santa Barbara, Calif.] :  |b [International Academy at Santa Barbara, Environmental Studies Institute],  |c  -1996. 
300 |a 24 volumes ;  |c 29 cm. 
336 |a text  |b txt  |2 rdacontent 
337 |a unmediated  |b n  |2 rdamedia 
338 |a volume  |b nc  |2 rdacarrier 
362 0 |a Vol. 2 (Feb. 1973)-v. 25, no. 5-6. 
555 |a Vol. 2, Feb. 1973-Oct./Dec. 1973. 1 v. (Includes index for earlier title) 
650 0 |a Environmental engineering  |v Bibliography  |x Periodicals. 
650 0 |a Pollution  |v Bibliography  |x Periodicals. 
710 2 |a International Academy at Santa Barbara. 
780 0 0 |t Environmental periodicals; indexed article titles 
948 |a Reclassed call no. 12/96:wpa/rr 
999 |a MARS 
999 f f |s ed5db21c-cfb0-3cc0-9252-43224110376d  |i c6a47afb-6fce-3cef-875b-ac98f9e87bf6  |t 0 
952 f f |p ric  |a Texas A&M University  |b Rellis Campus  |c Joint Library Facility  |d Remote Storage  |t 0  |e TD145 .E68  |h Library of Congress classification  |i unmediated -- volume  |k v.10:Index  |l 1981  |m A14816417246 
952 f f |p ric  |a Texas A&M University  |b Rellis Campus  |c Joint Library Facility  |d Remote Storage  |t 0  |e TD145 .E68  |h Library of Congress classification  |i unmediated -- volume  |k v.11:no.4-6  |l 1982  |m A14816417296 
952 f f |p ric  |a Texas A&M University  |b Rellis Campus  |c Joint Library Facility  |d Remote Storage  |t 0  |e TD145 .E68  |h Library of Congress classification  |i unmediated -- volume  |k v.6:no.1-3  |l 1977  |m A14816412945 
952 f f |p ric  |a Texas A&M University  |b Rellis Campus  |c Joint Library Facility  |d Remote Storage  |t 0  |e TD145 .E68  |h Library of Congress classification  |i unmediated -- volume  |k v.24:Index  |l 1995  |m A14819766961 
952 f f |p ric  |a Texas A&M University  |b Rellis Campus  |c Joint Library Facility  |d Remote Storage  |t 0  |e TD145 .E68  |h Library of Congress classification  |i unmediated -- volume  |k v.12:no.1-3  |l 1983  |m A14816417343 
952 f f |p ric  |a Texas A&M University  |b Rellis Campus  |c Joint Library Facility  |d Remote Storage  |t 0  |e TD145 .E68  |h Library of Congress classification  |i unmediated -- volume  |k v.18:Index  |l 1989  |m A14812969542 
952 f f |p ric  |a Texas A&M University  |b Rellis Campus  |c Joint Library Facility  |d Remote Storage  |t 0  |e TD145 .E68  |h Library of Congress classification  |i unmediated -- volume  |k v.19:Index  |l 1990  |m A14815682929 
952 f f |p ric  |a Texas A&M University  |b Rellis Campus  |c Joint Library Facility  |d Remote Storage  |t 0  |e TD145 .E68  |h Library of Congress classification  |i unmediated -- volume  |k v.25:no.1-2  |l 1996  |m A14820122594 
952 f f |p ric  |a Texas A&M University  |b Rellis Campus  |c Joint Library Facility  |d Remote Storage  |t 0  |e TD145 .E68  |h Library of Congress classification  |i unmediated -- volume  |k v.8:no.4-6  |l 1979  |m A14816417050 
952 f f |p ric  |a Texas A&M University  |b Rellis Campus  |c Joint Library Facility  |d Remote Storage  |t 0  |e TD145 .E68  |h Library of Congress classification  |i unmediated -- volume  |k v.4:no.1-3  |l 1975  |m A14816411965 
952 f f |p ric  |a Texas A&M University  |b Rellis Campus  |c Joint Library Facility  |d Remote Storage  |t 0  |e TD145 .E68  |h Library of Congress classification  |i unmediated -- volume  |k v.14:no.1-3  |l 1985  |m A14813966204 
952 f f |p ric  |a Texas A&M University  |b Rellis Campus  |c Joint Library Facility  |d Remote Storage  |t 0  |e TD145 .E68  |h Library of Congress classification  |i unmediated -- volume  |k v.7:no.4-6  |l 1978  |m A14816412995 
952 f f |p ric  |a Texas A&M University  |b Rellis Campus  |c Joint Library Facility  |d Remote Storage  |t 0  |e TD145 .E68  |h Library of Congress classification  |i unmediated -- volume  |k v.3:Index  |l 1974  |m A14816411957 
952 f f |p ric  |a Texas A&M University  |b Rellis Campus  |c Joint Library Facility  |d Remote Storage  |t 0  |e TD145 .E68  |h Library of Congress classification  |i unmediated -- volume  |k v.14:no.4-6  |l 1985  |m A14813966254 
952 f f |p ric  |a Texas A&M University  |b Rellis Campus  |c Joint Library Facility  |d Remote Storage  |t 0  |e TD145 .E68  |h Library of Congress classification  |i unmediated -- volume  |k v.4:no.4-6  |l 1975  |m A14816411973 
952 f f |p ric  |a Texas A&M University  |b Rellis Campus  |c Joint Library Facility  |d Remote Storage  |t 0  |e TD145 .E68  |h Library of Congress classification  |i unmediated -- volume  |k v.8:no.1-3  |l 1979  |m A14816417042 
952 f f |p ric  |a Texas A&M University  |b Rellis Campus  |c Joint Library Facility  |d Remote Storage  |t 0  |e TD145 .E68  |h Library of Congress classification  |i unmediated -- volume  |k v.7:Index  |l 1978  |m A14816413006 
952 f f |p ric  |a Texas A&M University  |b Rellis Campus  |c Joint Library Facility  |d Remote Storage  |t 0  |e TD145 .E68  |h Library of Congress classification  |i unmediated -- volume  |k v.15:no.1-3  |l 1986  |m A14813966351 
952 f f |p ric  |a Texas A&M University  |b Rellis Campus  |c Joint Library Facility  |d Remote Storage  |t 0  |e TD145 .E68  |h Library of Congress classification  |i unmediated -- volume  |k v.10:no.4-6  |l 1981  |m A14816417204 
952 f f |p ric  |a Texas A&M University  |b Rellis Campus  |c Joint Library Facility  |d Remote Storage  |t 0  |e TD145 .E68  |h Library of Congress classification  |i unmediated -- volume  |k v.18:no.1-2  |l 1989  |m A14812969445 
952 f f |p ric  |a Texas A&M University  |b Rellis Campus  |c Joint Library Facility  |d Remote Storage  |t 0  |e TD145 .E68  |h Library of Congress classification  |i unmediated -- volume  |k v.10:no.1-3  |l 1981  |m A14816417199 
952 f f |p ric  |a Texas A&M University  |b Rellis Campus  |c Joint Library Facility  |d Remote Storage  |t 0  |e TD145 .E68  |h Library of Congress classification  |i unmediated -- volume  |k v.5:Index  |l 1976  |m A14816412953 
952 f f |p ric  |a Texas A&M University  |b Rellis Campus  |c Joint Library Facility  |d Remote Storage  |t 0  |e TD145 .E68  |h Library of Congress classification  |i unmediated -- volume  |k v.2:no.1-3  |l 1973  |m A14816411892 
952 f f |p ric  |a Texas A&M University  |b Rellis Campus  |c Joint Library Facility  |d Remote Storage  |t 0  |e TD145 .E68  |h Library of Congress classification  |i unmediated -- volume  |k v.17:no.1-3  |l 1988  |m A14811606141 
952 f f |p ric  |a Texas A&M University  |b Rellis Campus  |c Joint Library Facility  |d Remote Storage  |t 0  |e TD145 .E68  |h Library of Congress classification  |i unmediated -- volume  |k v.25:Index  |l 1996  |m A14820483500 
952 f f |p ric  |a Texas A&M University  |b Rellis Campus  |c Joint Library Facility  |d Remote Storage  |t 0  |e TD145 .E68  |h Library of Congress classification  |i unmediated -- volume  |k v.22:no.3  |l 1993  |m A14817224298 
952 f f |p ric  |a Texas A&M University  |b Rellis Campus  |c Joint Library Facility  |d Remote Storage  |t 0  |e TD145 .E68  |h Library of Congress classification  |i unmediated -- volume  |k v.13:no.4-6  |l 1984  |m A14813966791 
952 f f |p ric  |a Texas A&M University  |b Rellis Campus  |c Joint Library Facility  |d Remote Storage  |t 0  |e TD145 .E68  |h Library of Congress classification  |i unmediated -- volume  |k v.25:no.3-4  |l 1996  |m A14816407144 
952 f f |p ric  |a Texas A&M University  |b Rellis Campus  |c Joint Library Facility  |d Remote Storage  |t 0  |e TD145 .E68  |h Library of Congress classification  |i unmediated -- volume  |k v.2:no.4-6  |l 1973  |m A14816411907 
952 f f |p ric  |a Texas A&M University  |b Rellis Campus  |c Joint Library Facility  |d Remote Storage  |t 0  |e TD145 .E68  |h Library of Congress classification  |i unmediated -- volume  |k v.14:Index  |l 1985  |m A14813966301 
952 f f |p ric  |a Texas A&M University  |b Rellis Campus  |c Joint Library Facility  |d Remote Storage  |t 0  |e TD145 .E68  |h Library of Congress classification  |i unmediated -- volume  |k v.6:Index  |l 1977  |m A14816412979 
952 f f |p ric  |a Texas A&M University  |b Rellis Campus  |c Joint Library Facility  |d Remote Storage  |t 0  |e TD145 .E68  |h Library of Congress classification  |i unmediated -- volume  |k v.18:no.3-6  |l 1989  |m A14812969495 
952 f f |p ric  |a Texas A&M University  |b Rellis Campus  |c Joint Library Facility  |d Remote Storage  |t 0  |e TD145 .E68  |h Library of Congress classification  |i unmediated -- volume  |k v.17:Index  |l 1988  |m A14811810994 
952 f f |p ric  |a Texas A&M University  |b Rellis Campus  |c Joint Library Facility  |d Remote Storage  |t 0  |e TD145 .E68  |h Library of Congress classification  |i unmediated -- volume  |k v.23:Index  |l 1994  |m A14819034908 
952 f f |p ric  |a Texas A&M University  |b Rellis Campus  |c Joint Library Facility  |d Remote Storage  |t 0  |e TD145 .E68  |h Library of Congress classification  |i unmediated -- volume  |k v.3:no.4-6  |l 1974  |m A14816411949 
952 f f |p ric  |a Texas A&M University  |b Rellis Campus  |c Joint Library Facility  |d Remote Storage  |t 0  |e TD145 .E68  |h Library of Congress classification  |i unmediated -- volume  |k v.20:Index  |l 1991  |m A14815682979 
952 f f |p ric  |a Texas A&M University  |b Rellis Campus  |c Joint Library Facility  |d Remote Storage  |t 0  |e TD145 .E68  |h Library of Congress classification  |i unmediated -- volume  |k v.25:no.5/6  |l 1996  |m A14822515549 
952 f f |p ric  |a Texas A&M University  |b Rellis Campus  |c Joint Library Facility  |d Remote Storage  |t 0  |e TD145 .E68  |h Library of Congress classification  |i unmediated -- volume  |k v.8:Index  |l 1979  |m A14816417092 
952 f f |p ric  |a Texas A&M University  |b Rellis Campus  |c Joint Library Facility  |d Remote Storage  |t 0  |e TD145 .E68  |h Library of Congress classification  |i unmediated -- volume  |k v.15:no.4-6  |l 1986  |m A14813966408 
952 f f |p ric  |a Texas A&M University  |b Rellis Campus  |c Joint Library Facility  |d Remote Storage  |t 0  |e TD145 .E68  |h Library of Congress classification  |i unmediated -- volume  |k v.11:Index  |l 1982  |m A14816417301 
952 f f |p ric  |a Texas A&M University  |b Rellis Campus  |c Joint Library Facility  |d Remote Storage  |t 0  |e TD145 .E68  |h Library of Congress classification  |i unmediated -- volume  |k v.13:Index  |l 1984  |m A14813966157 
952 f f |p ric  |a Texas A&M University  |b Rellis Campus  |c Joint Library Facility  |d Remote Storage  |t 0  |e TD145 .E68  |h Library of Congress classification  |i unmediated -- volume  |k v.16:Index  |l 1987  |m A14811358926 
952 f f |p ric  |a Texas A&M University  |b Rellis Campus  |c Joint Library Facility  |d Remote Storage  |t 0  |e TD145 .E68  |h Library of Congress classification  |i unmediated -- volume  |k v.23:no.1-2  |l 1994  |m A14818782223 
952 f f |p ric  |a Texas A&M University  |b Rellis Campus  |c Joint Library Facility  |d Remote Storage  |t 0  |e TD145 .E68  |h Library of Congress classification  |i unmediated -- volume  |k v.23:no.3-4  |l 1994  |m A14819034770 
952 f f |p ric  |a Texas A&M University  |b Rellis Campus  |c Joint Library Facility  |d Remote Storage  |t 0  |e TD145 .E68  |h Library of Congress classification  |i unmediated -- volume  |k v.16:no.4-6  |l 1987  |m A14811358976 
952 f f |p ric  |a Texas A&M University  |b Rellis Campus  |c Joint Library Facility  |d Remote Storage  |t 0  |e TD145 .E68  |h Library of Congress classification  |i unmediated -- volume  |k v.12:Index  |l 1983  |m A14816417393 
952 f f |p ric  |a Texas A&M University  |b Rellis Campus  |c Joint Library Facility  |d Remote Storage  |t 0  |e TD145 .E68  |h Library of Congress classification  |i unmediated -- volume  |k v.7:no.1-3  |l 1978  |m A14816412987 
952 f f |p ric  |a Texas A&M University  |b Rellis Campus  |c Joint Library Facility  |d Remote Storage  |t 0  |e TD145 .E68  |h Library of Congress classification  |i unmediated -- volume  |k v.9:Index  |l 1980  |m A14816417157 
952 f f |p ric  |a Texas A&M University  |b Rellis Campus  |c Joint Library Facility  |d Remote Storage  |t 0  |e TD145 .E68  |h Library of Congress classification  |i unmediated -- volume  |k v.15:Index  |l 1986  |m A14813966458 
952 f f |p ric  |a Texas A&M University  |b Rellis Campus  |c Joint Library Facility  |d Remote Storage  |t 0  |e TD145 .E68  |h Library of Congress classification  |i unmediated -- volume  |k v.22:Index  |l 1993  |m A14817224337 
952 f f |p ric  |a Texas A&M University  |b Rellis Campus  |c Joint Library Facility  |d Remote Storage  |t 0  |e TD145 .E68  |h Library of Congress classification  |i unmediated -- volume  |k v.24:no.5/6  |l 1995  |m A14819766911 
952 f f |p ric  |a Texas A&M University  |b Rellis Campus  |c Joint Library Facility  |d Remote Storage  |t 0  |e TD145 .E68  |h Library of Congress classification  |i unmediated -- volume  |k v.3:no.1-3  |l 1974  |m A14816411931 
952 f f |p ric  |a Texas A&M University  |b Rellis Campus  |c Joint Library Facility  |d Remote Storage  |t 0  |e TD145 .E68  |h Library of Congress classification  |i unmediated -- volume  |k v.11:no.1-3  |l 1982  |m A14816417254 
952 f f |p ric  |a Texas A&M University  |b Rellis Campus  |c Joint Library Facility  |d Remote Storage  |t 0  |e TD145 .E68  |h Library of Congress classification  |i unmediated -- volume  |k v.21:Index  |l 1992  |m A14816996680 
952 f f |p ric  |a Texas A&M University  |b Rellis Campus  |c Joint Library Facility  |d Remote Storage  |t 0  |e TD145 .E68  |h Library of Congress classification  |i unmediated -- volume  |k v.22:no.1-2  |l 1993  |m A14817224191 
952 f f |p ric  |a Texas A&M University  |b Rellis Campus  |c Joint Library Facility  |d Remote Storage  |t 0  |e TD145 .E68  |h Library of Congress classification  |i unmediated -- volume  |k v.5:no.4-6  |l 1976  |m A14816412000 
952 f f |p ric  |a Texas A&M University  |b Rellis Campus  |c Joint Library Facility  |d Remote Storage  |t 0  |e TD145 .E68  |h Library of Congress classification  |i unmediated -- volume  |k v.17:no.4-6  |l 1988  |m A14811811047 
952 f f |p ric  |a Texas A&M University  |b Rellis Campus  |c Joint Library Facility  |d Remote Storage  |t 0  |e TD145 .E68  |h Library of Congress classification  |i unmediated -- volume  |k v.24:no.1-2  |l 1995  |m A14819185937 
952 f f |p ric  |a Texas A&M University  |b Rellis Campus  |c Joint Library Facility  |d Remote Storage  |t 0  |e TD145 .E68  |h Library of Congress classification  |i unmediated -- volume  |k v.4:Index  |l 1975  |m A14816411981 
952 f f |p ric  |a Texas A&M University  |b Rellis Campus  |c Joint Library Facility  |d Remote Storage  |t 0  |e TD145 .E68  |h Library of Congress classification  |i unmediated -- volume  |k v.9:no.4-6  |l 1980  |m A14816417149 
952 f f |p ric  |a Texas A&M University  |b Rellis Campus  |c Joint Library Facility  |d Remote Storage  |t 0  |e TD145 .E68  |h Library of Congress classification  |i unmediated -- volume  |k v.6:no.4-6  |l 1977  |m A14816412961 
952 f f |p ric  |a Texas A&M University  |b Rellis Campus  |c Joint Library Facility  |d Remote Storage  |t 0  |e TD145 .E68  |h Library of Congress classification  |i unmediated -- volume  |k v.13:no.1-3  |l 1984  |m A14813966741 
952 f f |p ric  |a Texas A&M University  |b Rellis Campus  |c Joint Library Facility  |d Remote Storage  |t 0  |e TD145 .E68  |h Library of Congress classification  |i unmediated -- volume  |k v.9:no.1-3  |l 1980  |m A14816417107 
952 f f |p ric  |a Texas A&M University  |b Rellis Campus  |c Joint Library Facility  |d Remote Storage  |t 0  |e TD145 .E68  |h Library of Congress classification  |i unmediated -- volume  |k v.5:no.1-3  |l 1976  |m A14816411999 
952 f f |p ric  |a Texas A&M University  |b Rellis Campus  |c Joint Library Facility  |d Remote Storage  |t 0  |e TD145 .E68  |h Library of Congress classification  |i unmediated -- volume  |k v.1/2:Index  |l 1972/1973  |m A14816411923 
952 f f |p ric  |a Texas A&M University  |b Rellis Campus  |c Joint Library Facility  |d Remote Storage  |t 0  |e TD145 .E68  |h Library of Congress classification  |i unmediated -- volume  |k v.24:no.3-4  |l 1995  |m A14819498835 
952 f f |p ric  |a Texas A&M University  |b Rellis Campus  |c Joint Library Facility  |d Remote Storage  |t 0  |e TD145 .E68  |h Library of Congress classification  |i unmediated -- volume  |k v.12:no.4-6  |l 1983  |m A14816417351 
952 f f |p ric  |a Texas A&M University  |b Rellis Campus  |c Joint Library Facility  |d Remote Storage  |t 0  |e TD145 .E68  |h Library of Congress classification  |i unmediated -- volume  |k v.23:no.5/6  |l 1994  |m A14819034827 
952 f f |p ric  |a Texas A&M University  |b Rellis Campus  |c Joint Library Facility  |d Remote Storage  |t 0  |e TD145 .E68  |h Library of Congress classification  |i unmediated -- volume  |k v.22:no.4-6  |l 1993  |m A14817224248 
952 f f |p ric  |a Texas A&M University  |b Rellis Campus  |c Joint Library Facility  |d Remote Storage  |t 0  |e TD145 .E68  |h Library of Congress classification  |i unmediated -- volume  |k v.16:no.1-3  |l 1987  |m A14809069359 
998 f f |a TD145 .E68  |s v.2-25 (1973-1996)  |t 0  |l Remote Storage